[Event "Czech open A"]
[Site "?"]
[Date "2013.07.22"]
[Round "4.82"]
[White "Kratochvil, Karel"]
[Black "Nadjezhdin, Dmitry"]
[Result "0-1"]
[WhiteElo "2195"]
[BlackElo "2300"]
[PlyCount "78"]
[EventDate "2013.??.??"]
[TimeControl "6000+2400"]
[WhiteClock "0:00:33"]
[BlackClock "0:13:22"]

1. d4 Nf6 2. c4 c5 3. d5 e6 4. Nc3 exd5 5. cxd5 d6 6. e4 g6 7. f4 Bg7 8. e5
Nfd7 9. Ne4 dxe5 10. Nd6+ Kf8 11. Nxc8 Qxc8 12. Nf3 e4 13. Ng5 Nf6 14. Be3 h6
15. Rc1 hxg5 16. Bxc5+ Kg8 17. fxg5 Ng4 18. Be2 Ne5 19. O-O Qd8 20. Qb3 b6 21.
Be3 Nbd7 22. d6 Nc5 23. Qd5 Rc8 24. b4 Ne6 25. Rxc8 Qxc8 26. Rc1 Qd8 27. Ba6
Kh7 28. h4 Re8 29. Bb5 Nd7 30. Qb7 Nef8 31. Rc7 Ne5 32. Bxe8 Qxe8 33. Qxe4 Qe6
34. Rxa7 Qxd6 35. g3 Qd1+ 36. Kg2 Qe2+ 37. Kh3 Ne6 38. Ra3 Nf3 39. Rb3 Qf1+ 0-1

[Event "Czech open A"]
[Site "?"]
[Date "2013.07.22"]
[Round "4.83"]
[White "Novotny, Michal"]
[Black "Wenninger, Philipp"]
[Result "0-1"]
[WhiteElo "2293"]
[BlackElo "2229"]
[PlyCount "104"]
[EventDate "2013.??.??"]
[TimeControl "5400+1095"]
[WhiteClock "0:13:02"]
[BlackClock "0:08:30"]

1. e4 c6 2. d4 d5 3. Nc3 dxe4 4. Nxe4 Bf5 5. Ng3 Bg6 6. h4 h6 7. Nf3 Nd7 8. h5
Bh7 9. Bd3 Bxd3 10. Qxd3 e6 11. Bd2 Ngf6 12. O-O-O Be7 13. Kb1 O-O 14. Nf1 c5
15. g4 Nxg4 16. Qe2 Qb6 17. Rg1 f5 18. Ne3 Ndf6 19. d5 Nxe3 20. Qxe3 Ng4 21.
Bc3 Bf6 22. Bxf6 Rxf6 23. Qc3 Qb4 24. Qxb4 cxb4 25. dxe6 Re8 26. Nh4 Rexe6 27.
Kc1 Nxf2 28. Rd8+ Rf8 29. Rxf8+ Kxf8 30. Rf1 Ne4 31. Rf4 Ng3 32. Rxb4 Nxh5 33.
Rxb7 f4 34. Rxa7 g5 35. Ra5 Ng7 36. Nf5 Rf6 37. Nxh6 Rxh6 38. Rxg5 Rf6 39. Kd2
Kf7 40. Ke2 Rb6 41. b3 Ne6 42. Rd5 Kf6 43. Kf3 Rb8 44. a4 Rg8 45. Kf2 Ng5 46.
Rd3 Ke5 47. a5 Rc8 48. c4 Ke4 49. Rc3 f3 50. c5 Kf4 51. Kf1 Ne4 52. Rc2 Rh8 0-1

[Event "Czech open A"]
[Site "?"]
[Date "2013.07.22"]
[Round "4.84"]
[White "Zatschek, Mark"]
[Black "Adamek, Jiri"]
[Result "1/2-1/2"]
[WhiteElo "2174"]
[BlackElo "2290"]
[PlyCount "106"]
[EventDate "2013.??.??"]
[TimeControl "6000+1530"]
[WhiteClock "0:08:49"]
[BlackClock "0:39:39"]

1. e4 c5 2. Nf3 e6 3. d4 cxd4 4. Nxd4 a6 5. Nc3 Qc7 6. Bd3 Nf6 7. O-O Nc6 8.
Nb3 b5 9. Be3 h5 10. Qd2 Ne5 11. f3 h4 12. Qf2 Nc4 13. Bxc4 bxc4 14. Bb6 Qb8
15. Nd2 Bd6 16. h3 Bh2+ 17. Kh1 Nh5 18. f4 Bg3 19. Qd4 Bxf4 20. Nxc4 f6 21.
Rxf4 Qxf4 22. Nd6+ Kf8 23. Qc5 Ng3+ 24. Kg1 Kg8 25. Nxc8 Rh5 26. Qd6 Qxd6 27.
Nxd6 Rb8 28. Na4 Re5 29. Re1 Kh7 30. b3 Kg6 31. Bd4 Ra5 32. Bc3 Rh5 33. b4 Ra8
34. Nc5 a5 35. a3 axb4 36. Bxb4 Rd8 37. a4 Ra8 38. a5 Rxa5 39. Nd3 Kh6 40. Bd2+
Kh7 41. Bxa5 Rxa5 42. Nc4 Ra2 43. Ncb2 Ra3 44. c4 Rc3 45. Kf2 Rc2+ 46. Kf3 g5
47. c5 Kg6 48. Ra1 Kh5 49. Ra7 Nf1 50. Rxd7 e5 51. Rh7+ Kg6 52. Rb7 Nh2+ 53.
Ke3 Nf1+ 1/2-1/2

[Event "Czech open A"]
[Site "?"]
[Date "2013.07.22"]
[Round "4.85"]
[White "Meissner, Felix"]
[Black "Jeitz, Christian"]
[Result "1-0"]
[WhiteElo "2285"]
[BlackElo "2222"]
[PlyCount "59"]
[EventDate "2013.??.??"]
[TimeControl "6000+760"]
[WhiteClock "0:09:09"]
[BlackClock "0:00:38"]

1. e4 c5 2. Nf3 Nc6 3. d4 cxd4 4. Nxd4 e6 5. Nc3 a6 6. Be3 Nf6 7. f4 Bb4 8. Bd3
d5 9. e5 Nd7 10. Qd2 Nc5 11. a3 Qa5 12. O-O Bxc3 13. bxc3 Nxd4 14. Bxd4 Bd7 15.
Qe3 Na4 16. Rab1 Qc7 17. Rb3 b5 18. f5 Rc8 19. Qg5 Nc5 20. Qxg7 Rf8 21. Rbb1
exf5 22. e6 fxe6 23. Be2 Qd6 24. Bf6 Rf7 25. Bh5 Qf8 26. Qxh7 Ne4 27. Bg7 Qc5+
28. Kh1 Ng5 29. Qh6 Qe7 30. Qh8+ 1-0

[Event "Czech open A"]
[Site "?"]
[Date "2013.07.22"]
[Round "4.86"]
[White "Heimrath, Reiner"]
[Black "Travkina, Anastasia"]
[Result "1-0"]
[WhiteElo "2280"]
[BlackElo "2216"]
[PlyCount "151"]
[EventDate "2013.??.??"]
[TimeControl "6000+1700"]
[WhiteClock "0:05:04"]
[BlackClock "0:07:19"]

1. d4 Nf6 2. Nf3 d5 3. e3 c6 4. Bd3 Bg4 5. Nbd2 e6 6. c3 Nbd7 7. Qc2 Bd6 8. a3
Bh5 9. c4 Bg6 10. b4 dxc4 11. Nxc4 Bc7 12. e4 Nb6 13. Bg5 Bh5 14. Ncd2 h6 15.
Be3 Rc8 16. h3 g5 17. a4 Nbd7 18. a5 a6 19. Qc4 Qe7 20. Rb1 Bg6 21. Rb3 Nh5 22.
e5 Nf4 23. Bxf4 gxf4 24. Bxg6 fxg6 25. Qd3 Kf7 26. Qe4 g5 27. h4 Kg7 28. g4 Bd8
29. Ke2 Qf7 30. hxg5 hxg5 31. Rxh8 Kxh8 32. Rb1 Qh7 33. Qxh7+ Kxh7 34. Ne4 Kg6
35. Kd3 Be7 36. Nc5 Nxc5+ 37. bxc5 Rc7 38. Nd2 Rd7 39. Ne4 Bd8 40. Ra1 Rh7 41.
Nd6 Bc7 42. Ke2 Bd8 43. Nc4 Rh3 44. Rb1 Rc3 45. Rb4 Rc2+ 46. Kf3 Rc3+ 47. Ke4
Rc2 48. Kf3 Rc3+ 49. Ke2 Rc2+ 50. Ke1 Kh6 51. f3 Rc3 52. Ke2 Rc2+ 53. Kd3 Rf2
54. Rxb7 Rxf3+ 55. Kc2 Rf2+ 56. Kb3 Rf3+ 57. Kb4 Rf1 58. Rd7 f3 59. Rxd8 f2 60.
Ne3 Re1 61. Rf8 Rxe3 62. Rxf2 Re4 63. Rf6+ Kg7 64. Kc4 Rxg4 65. Rxe6 Rg1 66.
Rxc6 g4 67. Rb6 g3 68. Kd5 g2 69. Rb2 Kf7 70. c6 Ke7 71. Rb7+ Kf8 72. Rb2 Ke7
73. Rf2 Ke8 74. Ke6 Kd8 75. d5 Kc7 76. Rf7+ 1-0

[Event "Czech open A"]
[Site "?"]
[Date "2013.07.22"]
[Round "4.87"]
[White "Braeuer, Franz"]
[Black "Drnovsek, Gal"]
[Result "1-0"]
[WhiteElo "2275"]
[BlackElo "2203"]
[PlyCount "133"]
[EventDate "2013.??.??"]
[TimeControl "6000+1150"]
[WhiteClock "0:14:04"]
[BlackClock "0:27:32"]

1. e4 c5 2. Nf3 d6 3. Bb5+ Bd7 4. Bxd7+ Qxd7 5. O-O Nc6 6. b3 Nf6 7. Re1 e5 8.
a4 g6 9. Na3 Bg7 10. Nc4 O-O 11. Bb2 Rfe8 12. d3 Nh5 13. Ne3 Nf4 14. Nd2 Ne6
15. Ndc4 Nc7 16. Qg4 Qxg4 17. Nxg4 Rad8 18. Nge3 f5 19. exf5 d5 20. Na3 d4 21.
f6 Bxf6 22. Nec4 Nd5 23. Nd2 b6 24. Ne4 Bg7 25. Bc1 Na5 26. Bg5 Rd7 27. Bd2 Nb7
28. a5 Nd6 29. Nxd6 Rxd6 30. axb6 axb6 31. Nb5 Rdd8 32. Ra6 Ra8 33. Rea1 Rxa6
34. Rxa6 Nb4 35. Bxb4 cxb4 36. Nc7 Rc8 37. Ra8 Rxa8 38. Nxa8 Kf7 39. Nxb6 Ke6
40. Kf1 Bf8 41. Ke2 Kf5 42. Nc4 h5 43. Nd2 Kf4 44. h3 g5 45. g3+ Kf5 46. Kf3
Be7 47. Nf1 Bd8 48. Nh2 Be7 49. g4+ hxg4+ 50. Nxg4 Bd6 51. Nh2 Be7 52. Nf1 Bd8
53. Ng3+ Kf6 54. Kg4 Kg6 55. Ne2 Be7 56. Ng1 Bd8 57. Nf3 Bf6 58. h4 gxh4 59.
Nxh4+ Kf7 60. Ng2 Ke6 61. f4 exf4 62. Kxf4 Kd5 63. Kf5 Bh8 64. Nf4+ Kd6 65. Ke4
Bg7 66. Nd5 Kc5 67. Nc7 1-0

[Event "Czech open A"]
[Site "?"]
[Date "2013.07.22"]
[Round "4.88"]
[White "Tennert, Simon"]
[Black "Lorscheid, Gerhard"]
[Result "0-1"]
[WhiteElo "2147"]
[BlackElo "2273"]
[PlyCount "110"]
[EventDate "2013.??.??"]
[TimeControl "6000+1920"]
[WhiteClock "0:00:32"]
[BlackClock "0:20:43"]

1. e4 e5 2. Nf3 d6 3. d4 exd4 4. Nxd4 Nf6 5. Nc3 Be7 6. Be2 O-O 7. O-O Re8 8.
f4 Bf8 9. Bf3 c5 10. Nb3 Nc6 11. Kh1 a5 12. a4 Nb4 13. g4 Be6 14. Nd5 Nbxd5 15.
exd5 Bd7 16. Nd2 h6 17. Ra3 Nh7 18. Nc4 b5 19. Ne3 b4 20. Ra1 Bc8 21. Nc4 Ba6
22. b3 Qh4 23. Qd3 Re1 24. Bd2 Rxa1 25. Rxa1 Re8 26. Rg1 Nf6 27. Rg3 Nd7 28.
Qf5 Bc8 29. Qd3 Nf6 30. Ne3 Nd7 31. Nf5 Qf6 32. g5 hxg5 33. fxg5 Qa1+ 34. Rg1
Qb2 35. g6 Nf6 36. Nh6+ gxh6 37. gxf7+ Kxf7 38. Bh5+ Ke7 39. Re1+ Kd8 40. Bxe8
Nxe8 41. Qe2 Bd7 42. Bf4 Qd4 43. Qf3 Nc7 44. Bg5+ hxg5 45. Qxf8+ Ne8 46. Qf7
Qd2 47. Re7 Qd1+ 48. Kg2 Qxc2+ 49. Kg3 Qxb3+ 50. Kf2 Qh3 51. Qf8 Qf5+ 52. Qxf5
Bxf5 53. Ra7 Nc7 54. Ke1 Kc8 55. Rxa5 Kb7 0-1

[Event "Czech open A"]
[Site "?"]
[Date "2013.07.22"]
[Round "4.89"]
[White "Le Ruyet, Leopold"]
[Black "Becker, Matthias"]
[Result "1-0"]
[WhiteElo "2273"]
[BlackElo "2165"]
[PlyCount "106"]
[EventDate "2013.??.??"]
[TimeControl "6000+845"]
[WhiteClock "0:23:33"]
[BlackClock "0:20:53"]

1. e4 e6 2. d4 d5 3. Nc3 Bb4 4. exd5 exd5 5. Bd3 Nf6 6. Nge2 O-O 7. O-O Re8 8.
Bg5 c6 9. Ng3 h6 10. Bf4 Nbd7 11. Qf3 Nf8 12. Be5 Be7 13. Nce2 Bg4 14. Qf4 Bxe2
15. Nxe2 Ng6 16. Qf5 Qc8 17. Qxc8 Raxc8 18. Bf5 Ra8 19. Bxg6 fxg6 20. Nf4 Kf7
21. Rfe1 Nd7 22. Nd3 Bf6 23. f4 b6 24. b4 a5 25. a4 axb4 26. Nxb4 Rec8 27. c3
Nxe5 28. fxe5 Bg5 29. Re2 Ke6 30. Nd3 h5 31. Rb2 Ra6 32. Rab1 Rxa4 33. Rxb6
Be3+ 34. Kh1 Rc4 35. Nc5+ Kf5 36. Rf1+ Kg5 37. Rb3 Bd2 38. e6 Bxc3 39. e7 Bxd4
40. Ne6+ Kh6 41. Nd8 Bf6 42. e8=Q Rxd8 43. Qe3+ Bg5 44. Qd3 Re8 45. Qb1 c5 46.
Rb8 Rxb8 47. Qxb8 Bf6 48. g3 d4 49. h4 Kh7 50. Ra1 Rb4 51. Qf8 d3 52. Rd1 Bxh4
53. Qxc5 Rg4 1-0

[Event "Czech open A"]
[Site "?"]
[Date "2013.07.22"]
[Round "4.90"]
[White "Sochacki, Wojtek"]
[Black "Motycakova, Monika"]
[Result "1-0"]
[WhiteElo "2264"]
[BlackElo "2135"]
[PlyCount "149"]
[EventDate "2013.??.??"]
[TimeControl "6000+1165"]
[WhiteClock "0:20:18"]
[BlackClock "0:01:24"]

1. e4 e5 2. Nf3 Nc6 3. d4 exd4 4. Nxd4 Bc5 5. Nxc6 Qf6 6. Qf3 bxc6 7. Be2 d6 8.
Nd2 Qxf3 9. gxf3 Ne7 10. Nb3 Bb6 11. c4 Be6 12. Be3 Bxe3 13. fxe3 c5 14. Kd2 f6
15. h4 Rb8 16. Kc3 Nc6 17. f4 Kf7 18. Bh5+ Ke7 19. Bf3 Rb4 20. Nd2 Bd7 21. Rhg1
Kf7 22. Rg2 Ne7 23. Rag1 g6 24. h5 a5 25. Rh1 Rbb8 26. e5 f5 27. Bd5+ Be6 28.
Bxe6+ Kxe6 29. Nf3 Kd7 30. Rgh2 Rhe8 31. hxg6 hxg6 32. Rh7 a4 33. R1h6 Rg8 34.
Nh4 Ke6 35. Nf3 Kd7 36. Rf7 Rbf8 37. Ng5 dxe5 38. fxe5 Rxf7 39. e6+ Kd6 40.
exf7 Rf8 41. Rh2 Nc8 42. Rd2+ Ke7 43. Rd5 Nd6 44. Rxc5 Rc8 45. Rc6 Nxf7 46.
Re6+ Kd7 47. Rxg6 Nxg5 48. Rxg5 Re8 49. Kd4 Rb8 50. b3 axb3 51. axb3 Rxb3 52.
Rxf5 Rb1 53. Rh5 Rd1+ 54. Kc5 Rg1 55. Rh7+ Kc8 56. e4 Rg5+ 57. Kc6 Rg6+ 58. Kd5
Kd8 59. e5 c6+ 60. Kc5 Re6 61. Ra7 Kc8 62. Kd4 Rh6 63. Rf7 Kd8 64. Rf6 Rh4+ 65.
Kc5 Re4 66. Rd6+ Ke7 67. Rxc6 Rxe5+ 68. Kb6 Kd8 69. Rg6 Re8 70. c5 Kc8 71. c6
Rh8 72. Rg7 Kb8 73. Rb7+ Ka8 74. Ra7+ Kb8 75. c7+ 1-0

[Event "Czech open A"]
[Site "?"]
[Date "2013.07.22"]
[Round "4.91"]
[White "Kearns, Christopher"]
[Black "Kokol, Peter"]
[Result "1-0"]
[WhiteElo "2129"]
[BlackElo "2260"]
[PlyCount "105"]
[EventDate "2013.??.??"]
[TimeControl "6000+1085"]
[WhiteClock "0:36:51"]
[BlackClock "0:29:36"]

1. e4 c5 2. Nf3 Nc6 3. d4 cxd4 4. Nxd4 Nf6 5. Nc3 d6 6. Bg5 e6 7. Qd2 a6 8.
O-O-O Bd7 9. f4 b5 10. Bxf6 gxf6 11. Kb1 Qb6 12. Nxc6 Bxc6 13. f5 b4 14. Ne2 e5
15. Ng3 h5 16. Be2 h4 17. Nh5 Be7 18. Bf3 Rc8 19. g4 Qc5 20. Rc1 Ba4 21. c3 b3
22. a3 Bb5 23. Rcd1 Rc6 24. Qe1 Kd8 25. Rd5 Qb6 26. Rd2 Kc7 27. Qxh4 Kb7 28.
Qf2 Qa5 29. Rd5 Qa4 30. Qe3 Bd8 31. Rhd1 Bb6 32. Qd2 Bc5 33. Nxf6 Bc4 34. g5
Bxd5 35. Nxd5 Ka7 36. g6 fxg6 37. fxg6 Rcc8 38. Ne7 Qd7 39. Nxc8+ Qxc8 40. Qd5
Qb7 41. Qxb7+ Kxb7 42. h4 Kc7 43. Bg4 Be3 44. Be6 Bh6 45. Bxb3 Rf8 46. Rg1 Bg7
47. h5 Rh8 48. Rf1 Rf8 49. Bf7 Kd7 50. b4 Kc6 51. Kb2 Kb6 52. Kb3 Bh6 53. Rg1
1-0

[Event "Czech open A"]
[Site "?"]
[Date "2013.07.22"]
[Round "4.92"]
[White "Kulon, Klaudia"]
[Black "Grigorian, Spartak"]
[Result "0-1"]
[WhiteElo "2258"]
[BlackElo "2131"]
[PlyCount "92"]
[EventDate "2013.??.??"]
[TimeControl "6000+790"]
[WhiteClock "0:41:05"]
[BlackClock "0:37:49"]

1. c4 e5 2. g3 Nf6 3. Bg2 c6 4. Nc3 Bb4 5. e4 Bxc3 6. dxc3 d6 7. Qe2 O-O 8. Nf3
Qe7 9. O-O Be6 10. b3 a5 11. Ba3 a4 12. Rfd1 Rd8 13. Nxe5 axb3 14. axb3 Rxa3
15. Rxa3 dxe5 16. Rxd8+ Qxd8 17. Ra8 g6 18. h3 Kg7 19. Kh2 Qc7 20. b4 c5 21.
Bf1 Nbd7 22. Ra5 b6 23. Ra1 Ne8 24. Rd1 Nd6 25. f3 Nb8 26. Qd2 Nb7 27. Qb2 Nd7
28. Qd2 Nf6 29. Rc1 Ne8 30. Qa2 Ned6 31. Qa6 f5 32. exf5 Nxf5 33. Bg2 Nbd6 34.
Qa8 Bf7 35. Ra1 cxb4 36. cxb4 Nxc4 37. Ra7 Qd6 38. Qb7 Qf6 39. Qc8 Ncd6 40. Qb8
Qg5 41. g4 Qf4+ 42. Kg1 Qd4+ 43. Kh2 Nh4 44. Ra8 Ne8 45. Qb7 Qf2 46. f4 Nxg2
0-1

[Event "Czech Open A 1-44"]
[Site "?"]
[Date "2013.07.22"]
[Round "4.22"]
[White "Gonda, Laszlo"]
[Black "Kourousis, Epaminondas"]
[Result "1-0"]
[LiveChessVersion "1.4.2"]
[BlackElo "2391"]
[WhiteElo "2538"]

1. d4 {[%clk 1:30:57]} Nf6 {[%clk 1:30:41]} 2. c4 {[%clk 1:31:23]} e6
{[%clk 1:30:42]} 3. Nc3 {[%clk 1:31:47]} Bb4 {[%clk 1:30:50]} 4. e3
{[%clk 1:32:11]} O-O {[%clk 1:27:40]} 5. Nge2 {[%clk 1:32:36]} c6
{[%clk 1:27:44]} 6. a3 {[%clk 1:30:26]} Ba5 {[%clk 1:28:05]} 7. b4
{[%clk 1:30:39]} Bc7 {[%clk 1:28:30]} 8. Ng3 {[%clk 1:31:06]} a5 {[%clk 1:25:18]}
9. b5 {[%clk 1:24:10]} d6 {[%clk 1:15:17]} 10. Be2 {[%clk 1:17:39]} Nbd7
{[%clk 1:05:46]} 11. O-O {[%clk 1:07:37]} Re8 {[%clk 0:57:11]} 12. Bb2
{[%clk 0:49:56]} Nb6 {[%clk 0:46:32]} 13. Qc2 {[%clk 0:35:05]} h5
{[%clk 0:34:34]} 14. c5 {[%clk 0:32:28]} dxc5 {[%clk 0:29:30]} 15. dxc5
{[%clk 0:32:57]} Nbd5 {[%clk 0:29:25]} 16. Nge4 {[%clk 0:19:37]} Nxe4
{[%clk 0:18:24]} 17. Nxe4 {[%clk 0:18:43]} cxb5 {[%clk 0:17:23]} 18. Bxb5
{[%clk 0:15:43]} Bd7 {[%clk 0:17:42]} 19. Bxd7 {[%clk 0:15:14]} Qxd7
{[%clk 0:18:09]} 20. Ng5 {[%clk 0:05:59]} g6 {[%clk 0:15:06]} 21. Rfd1
{[%clk 0:05:34]} Bd8 {[%clk 0:11:59]} 22. Nf3 {[%clk 0:00:59]} Qe7
{[%clk 0:08:21]} 23. e4 {[%clk 0:01:00]} Nc7 {[%clk 0:05:11]} 24. Ne5
{[%clk 0:01:06]} Na6 {[%clk 0:04:12]} 25. Nd7 {[%clk 0:00:54]} Qg5
{[%clk 0:04:10]} 26. g3 {[%clk 0:00:47]} Rc8 {[%clk 0:03:16]} 27. h4
{[%clk 0:00:48]} Qh6 {[%clk 0:03:33]} 28. Rac1 {[%clk 0:00:40]} g5
{[%clk 0:03:14]} 29. Qd2 {[%clk 0:00:40]} Qg6 {[%clk 0:03:07]} 30. Ne5
{[%clk 0:01:02]} Qxe4 {[%clk 0:03:35]} 31. hxg5 {[%clk 0:00:43]} Nxc5
{[%clk 0:03:58]} 32. g6 {[%clk 0:00:34]} fxg6 {[%clk 0:03:51]} 33. Rxc5
{[%clk 0:00:37]} Rxc5 {[%clk 0:04:20]} 34. Qd7 {[%clk 0:01:01]} Rf8
{[%clk 0:03:54]} 35. Qxe6+ {[%clk 0:01:29]} Kg7 {[%clk 0:04:00]} 36. Nd7+
{[%clk 0:01:05]} Kh6 {[%clk 0:04:15]} 37. Qxe4 1-0

[Event "Czech Open A 1-44"]
[Site "?"]
[Date "2013.07.22"]
[Round "4.28"]
[White "Griffiths, Ryan-Rhys"]
[Black "Boros, Denes"]
[Result "1/2-1/2"]
[LiveChessVersion "1.4.2"]
[BlackElo "2504"]
[WhiteElo "2372"]

1. d4 {[%clk 1:30:55]} Nf6 {[%clk 1:30:49]} 2. c4 {[%clk 1:31:11]} e6
{[%clk 1:31:02]} 3. Nc3 {[%clk 1:31:25]} Bb4 {[%clk 1:31:26]} 4. e3
{[%clk 1:31:38]} Ne4 {[%clk 1:31:49]} 5. Nge2 {[%clk 1:26:12]} O-O
{[%clk 1:29:55]} 6. Bd2 {[%clk 1:26:26]} Nxd2 {[%clk 1:22:14]} 7. Qxd2
{[%clk 1:25:20]} d5 {[%clk 1:20:54]} 8. cxd5 {[%clk 1:24:52]} exd5
{[%clk 1:21:18]} 9. Nf4 {[%clk 1:25:00]} c6 {[%clk 1:21:32]} 10. Bd3
{[%clk 1:24:40]} Bd6 {[%clk 1:18:53]} 11. O-O {[%clk 1:23:41]} Qf6
{[%clk 1:12:00]} 12. Nfe2 {[%clk 1:04:09]} Bf5 {[%clk 1:07:10]} 13. Bxf5
{[%clk 0:53:19]} Qxf5 {[%clk 1:07:22]} 14. Rab1 {[%clk 0:48:22]} Na6
{[%clk 0:51:33]} 15. a3 {[%clk 0:47:13]} Rfe8 {[%clk 0:48:37]} 16. b4
{[%clk 0:43:54]} Nc7 {[%clk 0:45:35]} 17. Ng3 {[%clk 0:40:45]} Qg5
{[%clk 0:43:18]} 18. Qd3 {[%clk 0:39:26]} Re6 {[%clk 0:39:04]} 19. f4
{[%clk 0:34:42]} Qd8 {[%clk 0:35:17]} 20. e4 {[%clk 0:27:21]} dxe4
{[%clk 0:35:24]} 21. Ncxe4 {[%clk 0:27:40]} Nd5 {[%clk 0:28:01]} 22. f5
{[%clk 0:21:49]} Re8 {[%clk 0:20:45]} 23. f6 {[%clk 0:20:40]} g6 {[%clk 0:20:17]}
24. Nxd6 {[%clk 0:15:48]} Qxd6 {[%clk 0:20:34]} 25. Ne4 {[%clk 0:16:03]} Rxe4
{[%clk 0:15:48]} 26. Qxe4 {[%clk 0:16:12]} Nc3 {[%clk 0:16:15]} 27. Qe5
{[%clk 0:14:12]} Qxe5 {[%clk 0:16:36]} 28. dxe5 {[%clk 0:14:35]} Nxb1
{[%clk 0:17:03]} 29. Rxb1 {[%clk 0:14:55]} Rd8 {[%clk 0:16:12]} 30. b5
{[%clk 0:07:56]} c5 {[%clk 0:13:07]} 31. b6 {[%clk 0:08:20]} a6 {[%clk 0:13:33]}
32. Kf2 {[%clk 0:08:01]} Rd5 {[%clk 0:11:55]} 33. g4 {[%clk 0:06:55]} h6
{[%clk 0:09:20]} 34. h4 {[%clk 0:05:32]} Kf8 {[%clk 0:08:00]} 35. Re1
{[%clk 0:05:55]} g5 {[%clk 0:03:35]} 36. hxg5 {[%clk 0:05:58]} hxg5
{[%clk 0:04:03]} 37. Re4 {[%clk 0:04:01]} Ke8 {[%clk 0:02:06]} 38. e6
{[%clk 0:04:06]} Rd2+ {[%clk 0:01:54]} 39. Ke1 {[%clk 0:03:06]} Rd6
{[%clk 0:01:03]} 40. exf7+ {[%clk 0:33:16]} Kxf7 {[%clk 0:30:57]} 41. Re7+
{[%clk 0:33:34]} Kxf6 {[%clk 0:29:13]} 42. Rxb7 {[%clk 0:33:52]} Ke5
{[%clk 0:18:24]} 43. Rc7 {[%clk 0:24:21]} Rxb6 {[%clk 0:16:01]} 44. Rxc5+
{[%clk 0:24:41]} Kf4 {[%clk 0:16:29]} 45. Rc4+ {[%clk 0:24:18]} Ke3
{[%clk 0:16:54]} 46. Rc3+ {[%clk 0:21:22]} Kf4 {[%clk 0:16:43]} 47. Rc4+
{[%clk 0:21:44]} Kf3 {[%clk 0:16:35]} 48. Kd2 {[%clk 0:19:10]} Rf6
{[%clk 0:12:39]} 49. Ra4 {[%clk 0:17:28]} Rc6 {[%clk 0:11:54]} 50. Kd3
{[%clk 0:16:05]} Rh6 {[%clk 0:11:43]} 51. Kd2 {[%clk 0:15:55]} Rd6+
{[%clk 0:11:58]} 52. Kc3 {[%clk 0:16:03]} Ke3 {[%clk 0:11:28]} 53. Rc4
{[%clk 0:09:41]} Rd3+ {[%clk 0:09:07]} 54. Kb4 {[%clk 0:10:04]} a5+
{[%clk 0:09:02]} 55. Ka4 {[%clk 0:08:47]} Rd5 {[%clk 0:08:07]} 56. Rc3+
{[%clk 0:09:12]} Ke4 {[%clk 0:08:19]} 57. Rc4+ {[%clk 0:09:36]} Kf3
{[%clk 0:08:10]} 58. Kb3 {[%clk 0:09:59]} Re5 {[%clk 0:07:43]} 59. Ka4
{[%clk 0:08:50]} Rd5 {[%clk 0:08:10]} 60. Kb3 {[%clk 0:09:05]} Re5
{[%clk 0:07:42]} 61. Ka4 {[%clk 0:09:30]} Re3 {[%clk 0:07:57]} 62. Rd4
{[%clk 0:08:54]} Kg3 {[%clk 0:07:33]} 63. Rd5 {[%clk 0:08:41]} Kxg4
{[%clk 0:07:56]} 64. Rxa5 {[%clk 0:09:05]} Re4+ {[%clk 0:07:47]} 65. Kb3
{[%clk 0:09:30]} Kf4 {[%clk 0:08:03]} 66. Ra8 {[%clk 0:09:09]} g4
{[%clk 0:08:24]} 67. Rf8+ {[%clk 0:09:16]} Ke3 {[%clk 0:08:41]} 68. Rg8
{[%clk 0:08:00]} Kf3 {[%clk 0:08:32]} 69. a4 {[%clk 0:04:49]} g3 {[%clk 0:08:39]}
70. a5 {[%clk 0:05:11]} g2 {[%clk 0:08:02]} 71. a6 {[%clk 0:05:33]} Re8
{[%clk 0:07:39]} 72. Rxg2 {[%clk 0:04:31]} Kxg2 {[%clk 0:08:00]} 73. Kb4
{[%clk 0:04:19]} Kf3 {[%clk 0:08:09]} 74. Kc5 {[%clk 0:04:36]} Ke4
{[%clk 0:07:11]} 75. a7 {[%clk 0:04:32]} Kd3 {[%clk 0:05:25]} 76. Kb6
{[%clk 0:03:57]} Kc4 {[%clk 0:05:49]} 77. Kb7 {[%clk 0:03:54]} Re7+
{[%clk 0:06:06]} 78. Kb6 {[%clk 0:04:07]} Re6+ {[%clk 0:06:14]} 79. Kb7
{[%clk 0:04:18]} Kb5 {[%clk 0:05:27]} 80. a8=Q {[%clk 0:04:29]} Re7+
{[%clk 0:05:55]} 81. Kc8 {[%clk 0:04:22]} Re8+ {[%clk 0:06:20]} 1/2-1/2

[Event "Czech Open A 1-44"]
[Site "?"]
[Date "2013.07.22"]
[Round "4.38"]
[White "Potapov, Pavel"]
[Black "Kislik, Erik Andrew"]
[Result "1-0"]
[LiveChessVersion "1.4.2"]
[BlackElo "2345"]
[WhiteElo "2460"]

1. e4 {[%clk 1:30:58]} c5 {[%clk 1:19:47]} 2. c3 {[%clk 1:31:17]} d5
{[%clk 1:16:27]} 3. exd5 {[%clk 1:31:25]} Qxd5 {[%clk 1:16:55]} 4. d4
{[%clk 1:31:49]} Nf6 {[%clk 1:16:25]} 5. Nf3 {[%clk 1:32:02]} Nc6
{[%clk 1:11:41]} 6. Be3 {[%clk 1:20:14]} e5 {[%clk 1:10:59]} 7. dxc5
{[%clk 0:56:08]} Qxd1+ {[%clk 1:09:53]} 8. Kxd1 {[%clk 0:56:36]} Bg4
{[%clk 0:59:40]} 9. Nbd2 {[%clk 0:42:25]} Nd5 {[%clk 0:57:31]} 10. Nb3
{[%clk 0:36:35]} e4 {[%clk 0:51:37]} 11. h3 {[%clk 0:35:48]} Nxe3+
{[%clk 0:49:59]} 12. fxe3 {[%clk 0:36:11]} Bxf3+ {[%clk 0:47:32]} 13. gxf3
{[%clk 0:36:36]} exf3 {[%clk 0:47:52]} 14. Kc2 {[%clk 0:36:21]} O-O-O
{[%clk 0:47:45]} 15. Bd3 {[%clk 0:32:25]} Re8 {[%clk 0:37:59]} 16. Rae1
{[%clk 0:28:03]} Re5 {[%clk 0:28:49]} 17. Rhf1 {[%clk 0:27:25]} Bxc5
{[%clk 0:26:15]} 18. Rxf3 {[%clk 0:26:33]} f6 {[%clk 0:26:34]} 19. Rg1
{[%clk 0:25:47]} Bf8 {[%clk 0:15:27]} 20. Nd4 {[%clk 0:23:41]} Nxd4+
{[%clk 0:11:36]} 21. exd4 {[%clk 0:22:44]} Re7 {[%clk 0:10:59]} 22. h4
{[%clk 0:19:56]} Rc7 {[%clk 0:10:27]} 23. h5 {[%clk 0:20:07]} Kd8
{[%clk 0:07:21]} 24. Rf5 {[%clk 0:17:18]} h6 {[%clk 0:07:00]} 25. Rd5+
{[%clk 0:16:01]} Rd7 {[%clk 0:06:48]} 26. Rxd7+ {[%clk 0:16:27]} Kxd7
{[%clk 0:07:14]} 27. Bf5+ {[%clk 0:16:55]} Kd8 {[%clk 0:05:59]} 28. Kd3
{[%clk 0:15:16]} b6 {[%clk 0:06:01]} 29. a3 {[%clk 0:15:10]} a5 {[%clk 0:06:05]}
30. b4 {[%clk 0:15:24]} axb4 {[%clk 0:06:06]} 31. axb4 {[%clk 0:15:53]} Kc7
{[%clk 0:04:33]} 32. Ra1 {[%clk 0:15:03]} b5 {[%clk 0:03:01]} 33. Ra8
{[%clk 0:14:46]} 1-0